El feedback y el feedforward en la evaluación de las competencias de estudiantes universitarios (Record no. 171503)

MARC details
000 -CABECERA
campo de control de longitud fija 02390cab a2200277 ab4500
005 - FECHA Y HORA DE LA ÚLTIMA TRANSACCIÓN
campo de control 20240418063823.0
008 - ELEMENTOS DE LONGITUD FIJA--INFORMACIÓN GENERAL
campo de control de longitud fija 991125c2013 sp tr p o 000 0 spa d
035 ## - NÚMERO DE CONTROL DEL SISTEMA
Número de control de sistema UPN01000199402
040 ## - FUENTE DE LA CATALOGACIÓN
Centro catalogador/agencia de origen MX-MxUPN
Lengua de catalogación spa
Centro/agencia transcriptor MX-MxUPN
Normas de descripción aacr2
049 ## - COLECCIÓN
Colección ART-E
100 ## - ASIENTO PRINCIPAL--NOMBRE PERSONAL
Nombre de persona Georgeta, Ion
9 (RLIN) 47490
100 ## - ASIENTO PRINCIPAL--NOMBRE PERSONAL
Nombre de persona Silva García, Blanca Patricia
9 (RLIN) 47492
100 ## - ASIENTO PRINCIPAL--NOMBRE PERSONAL
Nombre de persona Cano García, Elena
9 (RLIN) 47493
245 13 - MENCIÓN DE TÍTULO
Título El feedback y el feedforward en la evaluación de las competencias de estudiantes universitarios
Medio [recurso electrónico en línea]
506 0# - NOTA DE RESTRICCIONES AL ACCESO
Limitaciones de acceso Acceso abierto
520 3# - NOTA DE RESUMEN, ETC.
Sumario, etc. Las universidades españolas están inmersas en la implementación del Espacio Europeo de Educacion Superior. Este proceso implica el uso más efectivo de diseños y metodologías que favorezcan un aprendizaje más profundo, que aumenten la implicación de los estudiantes en su propio desarrollo y más autonomía en la construcción de su desarrollo personal y profesional. Las nuevas tecnologías representan herramientas útiles para conseguir estos propósitos. Las TIC constituyen una herramienta eficiente para dar respuesta a las exigencias de la creación del Espacio Europeo de Educación Superior. En este artículo presentamos los resultados de una investigación sobre la implementación de la plataforma CAT (Competences Assessment Tool) destinada a facilitar la evaluación basada en competencias. Hemos empleado una metodología mixta basada en la administración de una encuesta que ha permitido a los participantes expresar su opinión en términos de satisfacción con la experiencia y el análisis de los contenidos del feedback proporcionado a los alumnos. De entre los resultados se destaca la importancia de los procesos de devolución por parte del profesorado en términos de calidad del feedback y el feedforward como estrategias de aprendizaje y se valora la posibilidad que ofrecen para ayudar en el desarrollo de competencias específicas y transversales.
650 #4 - ASIENTO SECUNDARIO DE MATERIA - TERMINO TEMATICO
Término de materia o nombre geográfico como elemento de entrada Educación basada en competencias
9 (RLIN) 13564
650 #4 - ASIENTO SECUNDARIO DE MATERIA - TERMINO TEMATICO
Término de materia o nombre geográfico como elemento de entrada Estrategias de aprendizaje
9 (RLIN) 16394
653 0# - TERMINO DE INDIZACION - NO CONTROLADO
Término no controlado Espacio Europeo de Educación Superior
653 0# - TERMINO DE INDIZACION - NO CONTROLADO
Término no controlado Evaluación de competencias
773 ## - ENLACE AL DOCUMENTO FUENTE/ENTRADA DE REGISTRO ANFITRIÓN
Parte(s) relacionada(s) Vol. 17, no. 2 (2013), p. 283-301
Título Profesorado
Número Internacional Normalizado para Publicaciones Seriadas 1989-639X
856 4# - LOCALIZACIÓN Y ACCESO ELECTRÓNICOS
Identificador Uniforme del Recurso <a href="http://www.ugr.es/~recfpro/rev172COL4.pdf">http://www.ugr.es/~recfpro/rev172COL4.pdf</a>
902 ## - ELEMENTOS DE DATOS B LOCAL, LDB (RLIN)
Creó Leonor Sotres
Modificó Leonor Sotres/291122
905 ## - TIPO DE MATERIAL
Tipo de material Articulo
942 ## - ELEMENTOS DE PUNTO DE ACCESO ADICIONAL (KOHA)
Tipo de ítem Koha Artículo Electrónico
Holdings
Estado de retiro Estado de pérdida Estado dañado No para préstamo Código de colección Localización permanente Ubicación/localización actual Ubicación en estantería Fecha de adquisición Fecha visto por última vez Identificador Uniforme del Recurso Tipo de ítem Koha
        Acceso abierto Bib. Gregorio Torres Quintero Bib. Gregorio Torres Quintero En línea 30/06/2022 30/06/2022 http://www.ugr.es/~recfpro/rev172COL4.pdf Artículo Electrónico